Ricardo II / (Record no. 13629)

MARC details
000 -LEADER
campo de control de longitud fija 01046nam a2200265 i 4500
001 - NÚMERO DE CONTROL
campo de control 13629
003 - IDENTIFICADOR DE NÚMERO DE CONTROL
campo de control ES-MaACL
005 - FECHA Y HORA DE LA ÚLTIMA TRANSACCIÓN
campo de control 20250716062524.0
007 - CAMPO FIJO DE DESCRIPCIÓN FÍSICA--INFORMACIÓN GENERAL
campo de control de longitud fija t|
008 - DATOS DE LONGITUD FIJA--INFORMACIÓN GENERAL
campo de control de longitud fija 970403s1997 sp ||||0| spa
080 ## - NÚMERO DE LA CLASIFICACIÓN DECIMAL UNIVERSAL
Número de la Clasificación Decimal Universal 821.111-21"15"
100 1# - ENTRADA PRINCIPAL--NOMBRE DE PERSONA
Nombre de persona Shakespeare, William,
Fechas asociadas al nombre 1564-1616
9 (RLIN) 105992
245 10 - MENCIÓN DEL TÍTULO
Título Ricardo II /
Mención de responsabilidad, etc. William Shakespeare ; edición bilingüe y traducción del Instituto Shakespeare dirigida por Manuel Ángel Conejero Dionís-Bayer ; introducción, notas y apéndices, Vicent Montalt i Resurreció y Pilar Ezpeleta Piorno.
260 ## - PUBLICACIÓN, DISTRIBUCIÓN, ETC.
Lugar de publicación, distribución, etc. Madrid :
Nombre del editor, distribuidor, etc. Cátedra,
Fecha de publicación, distribución, etc. [1997]
300 ## - DESCRIPCIÓN FÍSICA
Extensión 479 p. ;
Dimensiones 18 cm.
490 1# - MENCIÓN DE SERIE
Mención de serie Letras universales ;
Designación de volumen o secuencia 257
546 ## - NOTA DE IDIOMA
Nota de lengua/lenguaje Texto en inglés y español.
700 1# - ENTRADA AGREGADA--NOMBRE PERSONAL
Nombre de persona Conejero Dionís-Bayer, Manuel Angel.
9 (RLIN) 40155
700 1# - ENTRADA AGREGADA--NOMBRE PERSONAL
Nombre de persona Montalt i Resurrecció, Vicent.
9 (RLIN) 82346
700 1# - ENTRADA AGREGADA--NOMBRE PERSONAL
Nombre de persona Ezpeleta Piorno, Pilar.
9 (RLIN) 48469
710 2# - ENTRADA AGREGADA--NOMBRE DE ENTIDAD CORPORATIVA
Nombre de entidad corporativa o nombre de jurisdicción como elemento de entrada Universidad de Valencia.
Unidad subordinada Instituto Shakespeare.
9 (RLIN) 7330
830 1# - PUNTO DE ACCESO ADICIONAL DE SERIE-TÍTULO UNIFORME
Título uniforme Letras universales ;
Designación de volumen o secuencia 257
9 (RLIN) 178013
852 ## - LOCALIZACIÓN
Ubicación ES-MaACL
Número de control de estantería L-20982
Holdings
Estatus retirado Estado de pérdida Estado de daño No para préstamo Biblioteca de origen Biblioteca actual Ubicación en estantería Fecha de adquisición Fuente de adquisición Total de préstamos Signatura topográfica completa Código de barras Visto por última vez Precio de reemplazo Tipo de ítem Koha
        Biblioteca del Ateneo de Madrid Biblioteca del Ateneo de Madrid Depósito 2 17/01/2008     L-20982 1013873 23/02/2023 23/02/2023 Libro impreso